| 000 | 00441nam a22001697a 4500 | ||
|---|---|---|---|
| 003 | NUST - PNEC | ||
| 005 | 20170116181133.0 | ||
| 008 | 151006b xxu||||| |||| 00| 0 eng d | ||
| 020 | _a817245080X | ||
| 040 | _cLIBRARY | ||
| 082 | _a794.12 BAR | ||
| 100 |
_914103 _aBarnes, b. p. |
||
| 245 |
_aWhite to play and mate in two _cB. P. Barnes |
||
| 260 | _cc.2001 | ||
| 650 |
_914105 _aAlgebraic notations _xGeneral books |
||
| 942 |
_2ddc _cBK |
||
| 999 |
_c70081 _d70081 |
||